[Event "San Jose Banco Central op"]
[Site "San Jose"]
[Date "2019.12.10"]
[Round "7"]
[White "Espinoza Sevilla, Erick"]
[Black "Torrentes Arias, Greivin"]
[Result "1-0"]
[WhiteElo "1540"]
[BlackElo "1632"]
[PlyCount "61"]
[EventDate "2019.10.29"]
[EventType "swiss"]
[EventRounds "7"]
[EventCountry "CRI"]
[SourceTitle "EXT 2021"]
[Source "ChessBase"]
[SourceDate "2020.10.23"]
[SourceVersion "1"]
[SourceVersionDate "2020.10.23"]
[SourceQuality "1"]

1. Nf3 g6 2. g3 Bg7 3. Bg2 c5 4. 0-0 e6 5. d3 Ne7 6. e4 0-0 7. c3 Nbc6 8. Re1 d5 9. Nbd2 b6 10. Nb3 Bb7 11. e5 c4 12. Nbd4 cxd3 13. Qxd3 h6 14. h4 Rc8 15. Bf4 Na5 16. Rab1 Qd7 17. Qd1 Ba6 18. Nh2 Nac6 19. Ng4 Nxd4 20. cxd4 h5 21. Nf6+ Bxf6 22. exf6 Nf5 23. Bh3 Qc6 24. Bxf5 exf5 25. Be5 Qc2 26. Qf3 Bd3 27. Qf4 Kh7 28. Qg5 Rh8 29. Rbc1 Qxb2 30. Rxc8 Rxc8 31. Bf4 1-0